Porada pri Čremošnom

Bibliographic Details
Main Author: Hrnko, Anton, 1955- (Author)
Format: Article
Language:Slovak
Subjects:

MARC

LEADER 00000nab a2200000 a 4500
001 vtls000358047
003 SK-MaSNL
005 20260302223634.0
008 180409c1989 xo 0 slo
015 |a SNBRB19rr/mm-uuuuu 
035 |a CL0358169 
040 |a SNKBUCL  |b slo  |c SNKBUCL  |e AACR2 
041 0 |a slo 
044 |a xo  |c SK 
080 |a 943.76  |2 1981 
100 1 |a Hrnko, Anton,  |d 1955-  |4 aut  |9 105615 
245 1 0 |a Porada pri Čremošnom  |c Anton Hrnko 
650 0 7 |a Slovenské národné povstanie (1944)  |2 snkbucl  |9 177948 
655 7 |a články z novín a časopisov  |2 snkbucl  |9 267496 
773 0 |t Práca  |g Roč. 44, č. 171 (22. 7. 1989), s. 7 
850 |a Slovenská národná knižnica v Martine  |a MTA001 
852 |a SNK  |b KIS3GCP 
958 |a RK 
992 |a RBX 
999 |c 1521203  |d 1523133